| 000 | 00589nam a2200169 a 4500 | ||
|---|---|---|---|
| 008 | 120416s1968 ||||||||||||||||| || u | ||
| 050 | _aHC 54 Hei | ||
| 100 | _aHeilbroner, Robert L | ||
| 245 | 1 | 4 | _aThe making of economic society. (2nd ed.) |
| 250 | _a2nd ed. | ||
| 260 |
_aEnglewood Cliffs, N.J.: _bFT Prentice-Hall _c1968 |
||
| 300 | _axi, 237p. : ill. | ||
| 350 | _a0.00 | ||
| 650 | _aECONOMIC SOCIETY | ||
| 650 | 0 | _aECONOMICS | |
| 995 |
_D0.00 _FCBU-MAIN LIBRARY (Kitwe) _H1 _I0.00 _M1 _UAVAILABLE _ZAnnex Low-Usage Collection |
||
| 999 |
_c49741 _d49741 |
||